000 00936nac a22002531i 4500
003 EG-ScBUE
005 20250717084557.0
008 250717t1964 maua f b 001 0 eng d
040 _aEG-ScBUE
_beng
_erda
_cEG-ScBUE
_dEG-ScBUE
082 0 4 _a541.372
_bBUT
_222
100 1 _aButler, James Newton,
_eauthor.
245 0 0 _aIonic equilibrium :
_ba mathematical approach /
_cJames Newton Butler, senior scientist in chemical physics at TYCO Laboratories Inc., Waltham, Mass.
264 1 _aReading, Mass. :
_bAddison-Wesley Pub. Co.,
_c[1964]
264 4 _cc1964
300 _axi, 547 pages :
_billustrations ;
_c24 cm.
336 _2rdacontent
_atext
_btxt
337 _aunmediated
_2rdamedia
_bn
338 _avolume
_bnc
_2rdacarrier
490 0 _aAddison-Wesley series in chemistry
504 _aIncludes bibliographical references and index.
650 7 _aIonic equilibrium.
_2BUEsh
655 _vReading book
942 _cBB
_2ddc
999 _c6468
_d6468